The lost (Record no. 31928)

MARC details
000 -LEADER
fixed length control field 00540nam a2200157 a 4500
008 - FIXED-LENGTH DATA ELEMENTS--GENERAL INFORMATION
fixed length control field 160816s2013 ||||||||||||||||| || u
020 ## - INTERNATIONAL STANDARD BOOK NUMBER
International Standard Book Number 9780755386406
050 ## - LIBRARY OF CONGRESS CALL NUMBER
Classification number PR 6113.C476L6
100 ## - MAIN ENTRY--PERSONAL NAME
Personal name McGowan, Claire
245 14 - TITLE STATEMENT
Title The lost
Statement of responsibility, etc. By Claire McGowan
260 ## - PUBLICATION, DISTRIBUTION, ETC.
Place of publication, distribution, etc. London
Name of publisher, distributor, etc. Headline Publishing Group
Date of publication, distribution, etc. 2013
300 ## - PHYSICAL DESCRIPTION
Extent 374p.
350 ## -
-- 12.42
650 ## - SUBJECT ADDED ENTRY--TOPICAL TERM
Topical term or geographic name entry element ENGLISH LANGUAGE
995 ## -
-- FICTION Collection
-- 746768
-- CBU-SCHOOL OF MEDICINE LIBRARY (Ndola)
-- 12.42
-- PR 6113.C476L6
-- 1
-- AVAILABLE
-- Sep 23, 2016
-- 746768
-- Fiction Collection
999 ## -
-- 31928
-- 31928
Holdings
Withdrawn status Lost status Source of classification or shelving scheme Damaged status Not for loan Permanent Location Current Location Shelving location Date acquired Total Checkouts Full call number Barcode Date last seen Price effective from Koha item type
          CBU-SCHOOL OF MEDICINE LIBRARY, NDOLA. CBU-SCHOOL OF MEDICINE LIBRARY, NDOLA.   11/30/2022   PR 6113.C476L6 746768 11/30/2022 11/30/2022 MONOGRAPH